Statistiken für Alle Gestein-Pokemon

Klicken Sie hier um das Quiz zu spielen!

Allgemein

  • Dieses Quiz wurde 151 mal gespielt
    (53 seit der letzten Aktualisierung)
  • Das Durchschnittsergebnis liegt bei 61 aus 73

Antwortstatistiken

Pokedex-NummerPokemon2. Typ% Korrekt
138AmonitasWasser
100%
139AmorosoWasser
100%
075GeorokBoden
100%
076GeowazBoden
100%
074KleinsteinBoden
100%
142AerodactylFlug
97%
347AnorithKäfer
97%
348ArmaldoKäfer
97%
140KabutoWasser
97%
141KabutopsWasser
97%
408Koknodon
97%
219MagcargoFeuer
97%
095OnixBoden
97%
111RihornBoden
97%
112RizerosBoden
97%
346WieliePflaze
97%
411BollterusStahl
94%
248DespotarUnlicht
94%
246LarvitarBoden
94%
345LiliepPflanze
94%
299Nasgnet
94%
213PottrottKäfer
94%
247PupitarBoden
94%
409Rameidon
94%
410SchilterusStahl
94%
306StollossStahl
94%
305StollrakStahl
94%
304StolluniorStahl
94%
476VoluminasStahl
94%
567AeropteryxFlug
92%
566FlapteryxFlug
92%
524Kiesling
92%
369RelicanthWasser
92%
464RihorniorBoden
92%
526Brockoloss
89%
558CastellithKäfer
89%
337LunasteinPsycho
89%
377Regirock
89%
525Sedimantur
89%
338SonnfelPsycho
89%
699AmagargaEis
86%
698AmarinoEis
86%
696BalgorasDrache
86%
564GalapaflosWasser
86%
565KarippasWasser
86%
557LithomithKäfer
86%
703RocaraFee
86%
719DiancieFee
83%
185Mogelbaum
83%
689ThanathoraWasser
83%
793AnegoGift
81%
688BithoraWasser
81%
438Mobai
81%
697MonargorasDrache
81%
222CorasonnWasser
78%
774MetenoFlug
78%
839MontecarboFeuer
78%
639TerrakiumKampf
78%
745Wolwerock
78%
744Wuffels
78%
837Klonkett
75%
838WagongFeuer
72%
805MuramuraStahl
67%
900AxantorKäfer
61%
834KamalmWasser
61%
874Humanolith
56%
970LumifloraGift
56%
969LumisprossGift
56%
933Sedisal
47%
995EisendornElektro
44%
932Geosali
44%
934Saltigant
36%
950Klibbe
28%

Verteilung der Resultate

Perzentil nach korrekt beantworteten Fragen

Anzahl Personen mit jedem Resultat

Ihre Resultats-Entwicklung

Sie haben dieses Quiz seit der letzten Aktualisierung nicht gespielt